LEADER 01569aam 2200409I 450 001 9910710540003321 005 20130925033231.0 024 8 $aGOVPUB-C13-8c31c10060284e37f6a9d4d413a375c3 035 $a(CKB)5470000002477898 035 $a(OCoLC)858922836 035 $a(EXLCZ)995470000002477898 100 $a20130925d1979 ua 0 101 0 $aeng 181 $2rdacontent 182 $2rdamedia 183 $2rdacarrier 200 10$aNBS collaborative reference program for thermal insulation materials $ethermal conductivity report no. 1 /$fJ. Horlick 210 1$aGaithersburg, MD :$cU.S. Dept. of Commerce, National Institute of Standards and Technology,$d1979. 215 $a1 online resource (18 pages) $cillustrations (color) 225 1 $aNBSIR ;$v79-1817 300 $a1979. 300 $aContributed record: Metadata reviewed, not verified. Some fields updated by batch processes. 300 $aTitle from PDF title page (viewed September 23, 2013). 320 $aIncludes bibliographical references. 517 $aNBS collaborative reference program for thermal insulation materials 606 $aInsulation (Heat) 615 0$aInsulation (Heat) 700 $aHorlick$b J$01386491 701 $aHorlick$b J$01386491 712 02$aNational Institute of Standards and Technology (U.S.).$bEngineering Laboratory. 801 0$bNBS 801 1$bNBS 801 2$bGPO 906 $aBOOK 912 $a9910710540003321 996 $aNBS collaborative reference program for thermal insulation materials$93504680 997 $aUNINA